ভৌগলিক পরিভাষা-কোষ / (Record no. 4005)
[ view plain ]
| 000 -LEADER | |
|---|---|
| fixed length control field | 00765nam a2200205 a 4500 |
| 001 - CONTROL NUMBER | |
| JCCL Control Number | 4005 |
| 003 - CONTROL NUMBER IDENTIFIER | |
| JCCL marc code | BD-JhCC |
| 005 - DATE AND TIME OF LATEST TRANSACTION | |
| control field | 20180305122708.0 |
| 008 - FIXED-LENGTH DATA ELEMENTS--GENERAL INFORMATION | |
| fixed length control field | 171120s1966 bg |||| |||| 000 0 ben d |
| 035 ## - SYSTEM CONTROL NUMBER | |
| system control number | (BD-JhCC) |
| 040 ## - CATALOGING SOURCE | |
| Original cataloging agency | BD-JhCC |
| Modifying agency | BD-JhCC |
| 041 ## - LANGUAGE CODE | |
| Language code of Book | ben |
| 082 ## - DEWEY DECIMAL CLASSIFICATION NUMBER | |
| Classification number | 910.03 |
| Author mark and Year | BHU 1966 |
| 245 ## - TITLE STATEMENT | |
| Title | ভৌগলিক পরিভাষা-কোষ / |
| Statement of responsibility, etc | কেন্দ্রীয় বাঙলা উন্নয়ন বোর্ড |
| 260 ## - PUBLICATION, DISTRIBUTION, ETC. (IMPRINT) | |
| Place of publication, distribution, etc | ঢাকা: |
| Name of publisher, distributor, etc | কেন্দ্রীয় বাঙলা উন্নয়ন বোর্ড |
| Date of publication, distribution, etc | ১৯৬৬ |
| 300 ## - PHYSICAL DESCRIPTION | |
| Pagination | 35 p.; |
| Dimensions | 24 cm |
| 650 ## - SUBJECT ADDED ENTRY--TOPICAL TERM | |
| Topical term or geographic name as entry element | Terminology of Geography |
| 710 ## - ADDED ENTRY--CORPORATE NAME | |
| Corporate name or jurisdiction name as entry element | কেন্দ্রীয় বাঙলা উন্নয়ন বোর্ড |
| 942 ## - ADDED ENTRY ELEMENTS (KOHA) | |
| Source of classification or shelving scheme | Dewey Decimal Classification |
| Koha item type | Books |
| Source of classification or shelving scheme | Damaged status | Not for loan | Home library | Current library | Shelving location | Date of accession | Cost, normal purchase price | Total Checkouts | Full call number | Barcode | Date last seen | Copy number | Koha item type |
|---|---|---|---|---|---|---|---|---|---|---|---|---|---|
| Dewey Decimal Classification | Not For Loan | JCC Rouf Library | JCC Rouf Library | General Stacks | 11/20/2017 | 1.00 | 910.03 BHU 1966 | 5464 | 11/20/2017 | C-1 | Reference | ||
| Dewey Decimal Classification | Not For Loan | JCC Rouf Library | JCC Rouf Library | General Stacks | 11/20/2017 | 1.00 | 910.03 BHU 1966 | 5474 | 11/20/2017 | C-2 | Reference | ||
| Dewey Decimal Classification | Not For Loan | JCC Rouf Library | JCC Rouf Library | General Stacks | 11/20/2017 | 1.00 | 910.03 BHU 1966 | 5458 | 11/20/2017 | C-3 | Reference |